000 00756nam a22002537a 4500
003 CHAP
005 20220817042348.0
008 971013s1972 r 00010 d
010 _a42209
011 _a43181
035 _a47317
040 _cCHAP
082 _a631.312
_bM4
110 _aMéxico. Dirección General de Extensión Agrícola
245 _aArados reversibles y rastras de discos integrales
260 _aChapingo, Méx. :
_bLa Dirección,
_c1972
300 _as.p.
_b: ilus
590 _aBATCH-UPD
_b10
_c20130110
_lUCH01
_h2016
590 _aCONVERSION
_b10
_c20130109
_lUCH01
_h1323
650 1 4 _aArados de disco.
_96418
901 _aBK
942 _cLIBRO
949 _a631.312 M4
_bBC
_cLIBRO
_d33724000058921
_eLIBRO
_h16899
_i47317
_mD
_si
999 _c42209
_d42209